00505nam a2200181 a 4500001001300000003000900013005001700022008004100039020000800080082001600088100002000104245005900124260004400183300000900227500003500236505003000271650002200301nice12345678IN_TiNIC20260116015100.0050816s2005 gena grp 000 0 eng  ac000a234.13bJES aJesudasan, Usha aHealing as Empowermentb Discovering Gracein Community aGenevabWorld Council of Churchesc2005 a92p. aincludes index and biblioraphy2 aReports of the Conference aHealing-Religious